000 00782cam a2200265 a 4500
001 132052
003 OSt
005 20180921
008 0000001956 AN 0000000000 00
100 _aZeuner, F. E.
245 _aGeocronología : la adaptación del pasado. una introducción a la cronología prehistórica /
_cGeocronología : la adaptación del pasado. una introducción a la cronología prehistórica /
260 _aBarcelona :
_bOmega
300 _axii; 524,[27]
505 _aIncluye bibliografía e índice
650 _aCRONOLOGIA GEOLOGICA
_aGEOLOGÍA HISTORICA
700 _aI. Gómez - Tabanera, José Manuel
_aprol
_avers. esp. Almagro Basch, Martin
040 _aDLC
_cDLC
942 _2ddc
_cBK
999 _c132052
_d13205200